000 01062nam a22002537a 4500
005 20170123164149.0
010 _aB-065222
020 _c100.00
_a8179140415
035 _aB-065222
037 _bCen Lib/Ret
040 _aDPL
_bPN
082 _a851
_bਸ਼ੁਕਲਾ
100 _aਸ਼ੁਕਲਾ, ਰਾਮ ਨਾਥ
_950252
245 _aਦਰਦ ਬਿਰੇਂ ਦੇ ਤਿੱਖੇ :
_cਰਾਮ ਨਾਥ ਸ਼ੁਕਲਾ
_bਪੁਰਾਣੀਆਂ ਯਾਦਾਂ ਵਿੱਚੋ ਕਵਿਤਾਵਾਂ /
246 _aDard birhon de tikkhe : poems /
_bby Ram Nath Shukla
260 _aਚੰਡੀਗੜ੍ਹ
_bਤਰਲੋਚਨ ਪੁਲਿਸ਼ਰਜ਼
_c2003
270 _a3236, Sector 15-D
_bਚੰਡੀਗੜ੍ਹ
300 _a96p.
_c22cm(Hb)
650 _a ਸਾਹਿਤ--ਪੰਜਾਬੀ
_9124972
650 _aਪੰਜਾਬੀ -- ਕਵਿਤਾਵਾਂ
_9124973
650 _a Literature--Punjabi
_9124974
650 _aPunjabi -- Poetry
_9124975
942 _2ddc
_cPN
_h851
_mਸ਼ੁਕਲਾ
999 _c110223
_d110223